<?xml version="1.0" encoding="UTF-8"?><?xml-stylesheet type="text/xsl" href="static/style.xsl"?><OAI-PMH xmlns="http://www.openarchives.org/OAI/2.0/" xmlns:xsi="http://www.w3.org/2001/XMLSchema-instance" xsi:schemaLocation="http://www.openarchives.org/OAI/2.0/ http://www.openarchives.org/OAI/2.0/OAI-PMH.xsd"><responseDate>2026-04-17T14:07:22Z</responseDate><request verb="GetRecord" identifier="oai:www.recercat.cat:10230/57063" metadataPrefix="marc">https://recercat.cat/oai/request</request><GetRecord><record><header><identifier>oai:recercat.cat:10230/57063</identifier><datestamp>2025-12-24T08:54:26Z</datestamp><setSpec>com_2072_6</setSpec><setSpec>col_2072_452952</setSpec></header><metadata><record xmlns="http://www.loc.gov/MARC21/slim" xmlns:dcterms="http://purl.org/dc/terms/" xmlns:xsi="http://www.w3.org/2001/XMLSchema-instance" xmlns:doc="http://www.lyncode.com/xoai" xsi:schemaLocation="http://www.loc.gov/MARC21/slim http://www.loc.gov/standards/marcxml/schema/MARC21slim.xsd">
   <leader>00925njm 22002777a 4500</leader>
   <datafield ind2=" " ind1=" " tag="042">
      <subfield code="a">dc</subfield>
   </datafield>
   <datafield ind2=" " ind1=" " tag="720">
      <subfield code="a">Carrio Sampedro, Alberto</subfield>
      <subfield code="e">author</subfield>
   </datafield>
   <datafield ind2=" " ind1=" " tag="720">
      <subfield code="a">Correa Padrón, Darisbel</subfield>
      <subfield code="e">author</subfield>
   </datafield>
   <datafield ind2=" " ind1=" " tag="720">
      <subfield code="a">Forestello, Ana M.</subfield>
      <subfield code="e">author</subfield>
   </datafield>
   <datafield ind2=" " ind1=" " tag="260">
      <subfield code="c">2023-06-06T06:18:55Z</subfield>
   </datafield>
   <datafield ind2=" " ind1=" " tag="260">
      <subfield code="c">2023-06-06T06:18:55Z</subfield>
   </datafield>
   <datafield ind2=" " ind1=" " tag="260">
      <subfield code="c">2022</subfield>
   </datafield>
   <datafield ind2=" " ind1=" " tag="520">
      <subfield code="a">Este artículo presenta los resultados de una metodología docente innovadora introducida el curso 2016-2017 en Filosofía del Derecho del tercer curso del Doble Grado en Derecho-Economía / ADE de la Universidad Pompeu Fabra (UPF). La metodología utilizada en esta asignatura pretende corresponsabilizar al estudiante en la fase de aprendizaje activo y en la evaluación entre iguales. En este sentido, se pone en práctica la metodología de clase inversa (Flipped classroom), el aprendizaje basado en problemas, el blended learning, el trabajo colaborativo, la gamificación, y la coevaluación entre iguales; todo lo cual orienta el desarrollo de niveles de pensamiento en la franja alta de la taxonomía de Bloom. La investigación de esta experiencia es de tipo mixto concurrente. A lo largo de cuatro cursos y a partir del año previo al cambio de la docencia en Filosofía del Derecho, se analizaron los resultados académicos de los estudiantes desde las actas de calificación. Asimismo, se analizan los resultados de la evaluación de la docencia por parte del alumnado a través del programa AVALDO. A pesar de que esta metodología se encuentra aún en fase de consolidación, por lo que será necesario corregir algunos aspectos formales y sustantivos, los datos recogidos permiten concluir que esta metodología innovadora consolida la excelencia tanto en los resultados académicos como en el grado de satisfacción de los y las estudiantes.</subfield>
   </datafield>
   <datafield tag="653" ind2=" " ind1=" ">
      <subfield code="a">educación superior</subfield>
   </datafield>
   <datafield tag="653" ind2=" " ind1=" ">
      <subfield code="a">evaluación del estudiante</subfield>
   </datafield>
   <datafield tag="653" ind2=" " ind1=" ">
      <subfield code="a">aprendizaje semipresencial</subfield>
   </datafield>
   <datafield tag="653" ind2=" " ind1=" ">
      <subfield code="a">gamificación</subfield>
   </datafield>
   <datafield tag="653" ind2=" " ind1=" ">
      <subfield code="a">trabajo en equipo</subfield>
   </datafield>
   <datafield tag="653" ind2=" " ind1=" ">
      <subfield code="a">aprendizaje basado en problemas</subfield>
   </datafield>
   <datafield ind2="0" ind1="0" tag="245">
      <subfield code="a">FiloBlenDret: una metodología innovadora de aprendizaje colaborativo y responsable en Filosofía del derecho</subfield>
   </datafield>
</record></metadata></record></GetRecord></OAI-PMH>